| 000 | 01049nam1a22002411i 4500 | ||
|---|---|---|---|
| 001 | rc\179342 | ||
| 005 | 20260407151028.0 | ||
| 035 | _a(NLR Aleph) 008770716 | ||
| 090 |
_a7922351 _c7922351 |
||
| 100 | _a20030307g19919999u |0rusy50 ca | ||
| 101 | 0 | _arus | |
| 102 | _aRU | ||
| 105 | _ay ||||||||| | ||
| 200 | 1 |
_aПрогрессивный металлорежущий инструмент _e[Альбом] _fВНИИ информ. и техн.-экон. исслед. по машиностроению и робототехнике _g[Т.О. Еланова] |
|
| 210 |
_aМ. _cВНИИТЭМР _d1991- |
||
| 215 | _d29 | ||
| 606 | 1 |
_aРежущие инструменты _jЧертежи _2rkp |
|
| 702 | 1 |
_aЕланова _bТ.О. _4220 |
|
| 712 | 0 | 2 |
_aВНИИ информации и технико-экономических исследований по машиностроению и робототехнике _3RU\NLR\AUTH\8810025966 _9550158 |
| 801 | 0 |
_aRU _bNLR _gpsbo |
|
| 801 | 1 |
_aRU _bELAR _2rusmarc |
|
| 852 |
_aNLR _bПт _j36.71/688 |
||
| 942 | _cBOOK | ||